| 000 | 01513nam a2200445 c 4500 | ||
|---|---|---|---|
| 999 |
_c50954 _d50954 |
||
| 001 | 50954 | ||
| 003 | ES-MaCES | ||
| 005 | 20181002110637.0 | ||
| 008 | 181001s2018 sp 000 | spa d | ||
| 017 |
_aAB 475-2018 _bDL |
||
| 020 | _a9788417310349 | ||
| 040 |
_aES-MaCES _bspa _cES-MaCES |
||
| 100 | 1 |
_aPreciado Domènech, Carlos Hugo _921375 |
|
| 245 | 1 | 4 |
_aLos criterios sociales y laborales en la contratación pública bajo la Ley 9/2017, de 8 de noviembre, de contratos del sector público _cCarlos Hugo Preciado Domènech |
| 250 | _a1 ed | ||
| 260 |
_aAlbacete _bBomarzo _c2018 |
||
| 300 |
_a140 p. _c21 cm |
||
| 490 | 1 |
_aBásicos de Derecho social _v102 |
|
| 504 | _aBibliografía: p. 139-140 | ||
| 541 | _cCompra | ||
| 610 | 1 | 4 |
_939017 _aEspaña _tLey de contratos del sector público _d2017 |
| 650 | 4 |
_aadministración pública _927214 |
|
| 650 | 4 |
_asector público _927150 |
|
| 650 | 4 |
_acontratación _928323 |
|
| 650 | 4 |
_acontrato _929505 |
|
| 650 | 4 |
_asector público _927150 |
|
| 650 | 4 |
_aderechos económicos y sociales _929875 |
|
| 650 | 4 |
_aderechos de los trabajadores _929924 |
|
| 650 | 4 |
_aderecho administrativo _927155 |
|
| 650 | 4 |
_aderecho comunitario _929866 |
|
| 650 | 4 |
_aUE _926752 |
|
| 650 | 4 |
_aEspaña _926964 |
|
| 650 | 4 |
_alegislación _927153 |
|
| 650 | 4 |
_a2017 _936991 |
|
| 650 | 4 |
_acampo de aplicación _930263 |
|
| 653 | 1 | 0 | _aDerecho administrativo |
| 830 | 0 |
_aBásicos de Derecho social _v102 _933978 |
|
| 902 | _aLIB Libro | ||
| 942 |
_2CES _cBK _h6.0.2. |
||